Normal view MARC view
  • Medina, Hernán C.

Entry Nombre Personal

Number of records used in: 2

001 - NUMERO DE CONTROL

  • campo de control: 44562

003 - IDENTIFICADOR DE NUMERO DE CONTROL

  • campo de control: MX-MxUPN

005 - FECHA Y HORA DE LA ÜLTIMA TRANSACCIÓN

  • campo de control: 20220526081740.0

008 - DATOS DE LONGITUD FIJA

  • campo de control de longitud fija: 220526|| aca||aabn | aaa d

040 ## - FUENTE DE CATALOGACIÓN

  • Agencia original de catalogación: MX-MxUPN
  • Lenguaje de catalogación: spa
  • Agencia de transcripción: MX-MxUPN

100 1# - ENCABEZAMIENTO - NOMBRE PERSONAL

  • Nombre personal: Medina, Hernán C.

670 ## - FUENTE EN LA QUE SE LOCALIZARON DATOS

  • Cita de la fuente: Las instituciones jurídico políticas de México, 1949:
  • Información localizada: portada (Hernán C. Medina: licenciado en Derecho por la UNAM)

902 ## - CATALOGADOR

  • Catalogador: VRC/260522